000 00360nam a2200121Ia 4500
008 151001s9999||||xx |||||||||||||| ||und||
100 _aचंद्रकांत कुलकर्णी
245 _aपाउलखुणा
250 _a1
260 _b"लाखे प्रकाशन, नागपूर"
300 _a112
365 _b21
999 _c984925
_d984922